| 000 -LEADER |
| fixed length control field |
01501cam a22002534a 4500 |
| 003 - CONTROL NUMBER IDENTIFIER |
| control field |
OSt |
| 005 - DATE AND TIME OF LATEST TRANSACTION |
| control field |
20200317153901.0 |
| 008 - FIXED-LENGTH DATA ELEMENTS--GENERAL INFORMATION |
| fixed length control field |
010130s2001 nyua 000 0 eng |
| 020 ## - INTERNATIONAL STANDARD BOOK NUMBER |
| International Standard Book Number |
9781568982458 |
| 040 ## - CATALOGING SOURCE |
| Original cataloging agency |
DLC |
| Transcribing agency |
DLC |
| Modifying agency |
DLC |
| 082 ## - DEWEY DECIMAL CLASSIFICATION NUMBER |
| Classification number |
728.09747277 |
| Item number |
REI |
| 100 1# - MAIN ENTRY--PERSONAL NAME |
| Personal name |
Reisley, Roland, |
| Dates associated with a name |
1924- |
| 245 10 - TITLE STATEMENT |
| Title |
Usonia, New York : |
| Remainder of title |
building a community with Frank Lloyd Wright / |
| Statement of responsibility, etc |
Roland Reisley with John Timpane ; foreword by Martin Filler. |
| 250 ## - EDITION STATEMENT |
| Edition statement |
1st ed. |
| 260 ## - PUBLICATION, DISTRIBUTION, ETC. (IMPRINT) |
| Place of publication, distribution, etc |
New York : |
| Name of publisher, distributor, etc |
Princeton Architectural Press, |
| Date of publication, distribution, etc |
c2001. |
| 300 ## - PHYSICAL DESCRIPTION |
| Extent |
xviii, 172 p. : |
| Other physical details |
ill. (some col.) ; |
| Dimensions |
24 cm. |
| 505 8# - FORMATTED CONTENTS NOTE |
| Formatted contents note |
Machine generated contents note: Acknowledgments vi -- Foreword, Martin Filler viii -- Preface xii -- Introduction xvi -- Chapter 1. DREAMING OF USONIA 1 -- Chapter 2. GOING FORWARD 8 -- Chapter 3. BUILDING USONIA 22 -- Chapter 4. A COMMUNITY AT LAST 44 -- Chapter 5. WORKING WITH FRANK LLOYD WRIGHT 62 -- Chapter 6. REORGANIZING THE COOPERATIVE 84 -- Chapter 7. DAVID HENKEN: OUR MOSES 92 -- Chapter 8. COMMUNITY LIFE AND ACTIVITIES 104 -- Chapter 9. USONIA REVISITED 118 -- Epilog. FRANK LLOYD WRIGHT AND THE REISLEY HOUSE 126 -- INDEX OF USONIA'S HOMES 152. |
| 600 10 - SUBJECT ADDED ENTRY--PERSONAL NAME |
| Personal name |
Wright, Frank Lloyd, |
| Dates associated with a name |
1867-1959 |
| General subdivision |
Criticism and interpretation. |
| 650 #0 - SUBJECT ADDED ENTRY--TOPICAL TERM |
| Topical term or geographic name as entry element |
Usonian houses |
| Geographic subdivision |
New York (State) |
| -- |
Pleasantville. |
| 650 #0 - SUBJECT ADDED ENTRY--TOPICAL TERM |
| Topical term or geographic name as entry element |
Utopias |
| Geographic subdivision |
New York (State) |
| -- |
Pleasantville |
| General subdivision |
History. |
| 650 #0 - SUBJECT ADDED ENTRY--TOPICAL TERM |
| Topical term or geographic name as entry element |
Architecture, Domestic |
| Geographic subdivision |
New York (State) |
| -- |
Pleasantville. |
| 700 1# - ADDED ENTRY--PERSONAL NAME |
| Personal name |
Timpane, John Philip. |
| 942 ## - ADDED ENTRY ELEMENTS (KOHA) |
| Source of classification or shelving scheme |
|